[Event "Tata Steel India 2018-Blitz"]
[Site "Kolkata"]
[Date "2018.11.13"]
[Round "2"]
[White "Praggnanandhaa R"]
[Black "Aronian, Levon"]
[Result "0-1"]
[WhiteElo "2530"]
[BlackElo "2765"]
[Annotator "TA"]
[PlyCount "98"]
[EventDate "2018.11.09"]
[EventType "tourn"]
[EventCountry "IND"]
[SourceTitle "playchess.com"]
[Source "ChessBase"]
[SourceQuality "1"]

{[%evp 14,98,29,27,32,-25,6,8,29,36,30,-29,-20,-20,-31,-18,-17,-24,-24,-25,-24,-22,0,-38,-9,-33,-11,-21,-11,-8,-6,-25,-21,-30,-7,-8,-11,-12,-12,-27,-34,-44,-37,-64,0,-6,-6,-6,0,-8,-14,-36,-25,-127,-127,-133,-135,-170,-170,-381,-357,-497,-427,-364,-417,-334,-319,-653,-631,-12831,-6623,-29985,-466,-3701,-5110,-1027,-1008,-6857,-6283,-29977,-29978,-29980,-29981,-29981,-29982,-29984,-29985]} 1. e4 e5 2. Nf3 Nc6 3. Bb5 a6 4. Bxc6 dxc6 5. O-O Be7 6. d3 {C68: Ruy Lopez: Exchange Variation, sidelines} f6 7. Be3 Bg4 8. Nbd2 {LiveBook: 4 Games. White has an edge.} g5 $146 ({Predecessor:} 8... Qd7 9. Qb1 h5 10. c3 g5 11. d4 exd4 12. cxd4 Nh6 13. b4 Nf7 {½-½ (49) Kasimdzhanov,R (2684)-Grischuk,A (2754) London 2012}) 9. b4 ({White should try} 9. h3 $14 Bh5 10. d4) 9... Nh6 10. Qb1 Nf7 11. a4 Qd7 12. b5 (12. Qb2 $142) 12... axb5 $11 13. axb5 Rxa1 14. bxc6 Rxb1 15. cxd7+ Kxd7 16. Rxb1 b6 17. Ra1 Nd6 18. Ne1 Nb5 19. Nb3 Nc3 20. d4 Ne2+ ({Don't play} 20... Nxe4 $6 21. f3 $16) 21. Kf1 $1 {[#] f3 is the strong threat.} exd4 22. Nxd4 (22. Bxd4 {with more complications.} Nxd4 23. Nxd4 Bc5 24. Ra4 Be6 25. Nd3) 22... Nxd4 23. Bxd4 Rc8 24. Nd3 c5 25. Bc3 Be6 26. Ke2 b5 {[%cal Bb6b5,Bb5b4][%mdl 32]} 27. f4 b4 28. Be1 Rb8 (28... Bc4 $15) 29. Ra7+ Ke8 30. fxg5 fxg5 31. Bg3 Rc8 32. Be1 Bd7 33. Kd1 (33. Bf2 $1 $11) 33... Bc6 $17 34. Nf2 c4 {[%cal Bc5c4,Bc4c3][%mdl 32]} 35. Kc1 c3 36. e5 $2 (36. Kb1 {is a better defense.}) 36... Bxg2 $19 37. Ng4 Ra8 38. Rxa8+ Bxa8 {[%mdl 4096] Endgame KBB-KBN} 39. Nf6+ Kf7 40. Nxh7 $2 (40. Bf2) 40... Ke6 41. Bg3 {[#]} b3 $1 {[%mdl 512] ( -> ...Be4)} 42. Nf6 (42. cxb3 Be4) 42... Bd5 (42... Ba3+ $142 43. Kb1 Bf3 44. cxb3 Bd1 45. Ka2 c2 46. Kxa3 c1=Q+ 47. Kb4 Qc2 48. Ne8 Qxb3+ 49. Kc5 Qc3+ 50. Kb5 Be2+ 51. Ka4 Qc4+ 52. Ka3 Bd1 53. Kb2 Qb3+ 54. Ka1 Bc2 55. Nc7+ Kf5 56. h4 Qb1#) 43. Nxd5 (43. Be1 $142 b2+ 44. Kb1) 43... b2+ ({Inferior is} 43... Kxd5 44. cxb3 g4 45. Kc2 $16) 44. Kb1 Kxd5 45. Be1 Bb4 46. Bg3 g4 {Black mates.} 47. Bf4 Bc5 48. Bg3 Bd4 49. Be1 Bxe5 {Precision: White = 22%, Black = 54%.} 0-1

[Event "Tata Steel India 2018-Blitz"]
[Site "Kolkata"]
[Date "2018.11.13"]
[Round "3"]
[White "Mamedyarov, Shakhriyar"]
[Black "Vidit, Santosh Gujrathi"]
[Result "1-0"]
[WhiteElo "2817"]
[BlackElo "2702"]
[Annotator "TA"]
[PlyCount "72"]
[EventDate "2018.11.09"]
[EventType "tourn"]
[EventCountry "IND"]
[SourceTitle "playchess.com"]
[Source "ChessBase"]
[SourceQuality "1"]

{[%evp 19,72,11,22,0,53,47,48,14,14,21,41,41,36,56,134,73,73,73,187,93,102,92,95,47,58,21,94,73,102,111,211,220,208,199,335,318,760,760,884,860,966,576,6125,5804,12817,6173,12837,12835,12839,12839,12841,12839,12840,12840,12841]} 1. d4 Nf6 2. c4 e6 3. Nc3 Bb4 4. f3 d5 5. a3 Bxc3+ 6. bxc3 c5 7. cxd5 Nxd5 8. dxc5 Qa5 9. e4 Nc7 10. Be3 {E25: Nimzo-Indian: Sämisch: 5...c5 6 f3 d5 7 cxd5} O-O {LiveBook: 12 Games} 11. Kf2 Nba6 $146 (11... e5 $11) ({Predecessor:} 11... e5 12. Rb1 Qxa3 13. Ne2 Nba6 14. Qc1 Qa5 15. c6 Nc5 16. Ng3 N7e6 17. Nf5 bxc6 {½-½ (50) Volkov,S (2629)-Gyimesi,Z (2602) Gibraltar 2006}) 12. Qd6 $14 {White is slightly better.} Qxc3 13. Rc1 Qxa3 14. Nh3 e5 15. Qxe5 Bxh3 16. gxh3 {Black must now prevent Rg1.} Rae8 (16... Rfe8 $14 17. Qa1 Qxa1 18. Rxa1 Nb4) 17. Qc3 $40 {[%mdl 128] White goes for the king.} (17. Qa1 $142 Qxa1 18. Rxa1) 17... Qxc3 $16 18. Rxc3 f5 (18... Rc8 $16 {was called for.}) 19. c6 (19. Bc4+ $18 {is more deadly.} Kh8 20. Rb1 fxe4 21. Rxb7 Rxf3+ 22. Kg1) 19... b5 20. exf5 Rxf5 21. Bxa7 Nb4 22. Rg1 Nbd5 (22... Ra8 $11 {keeps the balance.} 23. Bd4 g6) 23. Rb3 Re6 24. Bd3 Rf4 (24... Rf7 $16 {is a better defense.}) 25. Bxb5 $18 Nxb5 26. Rxb5 Nc7 (26... Ne7 {was worth a try.} 27. c7 Rc4) 27. Rb8+ Kf7 $2 {[#]} (27... Rf8 28. Rc1 Ree8) 28. Rc1 {White is clearly winning.} Kg6 29. Rb7 Rf7 30. Bb8 Ree7 31. Rxc7 Rxc7 32. Bxc7 Rxc7 {KR-KR} 33. Ke3 Kh5 34. Rc4 g5 35. Kd3 Kg6 36. Kd4 Kf5 {Precision: White = 50%, Black = 26%.} 1-0

[Event "Tata Steel India 2018-Blitz"]
[Site "Kolkata"]
[Date "2018.11.13"]
[Round "3"]
[White "Aronian, Levon"]
[Black "Nakamura, Hikaru"]
[Result "1/2-1/2"]
[WhiteElo "2765"]
[BlackElo "2746"]
[Annotator "TA"]
[PlyCount "76"]
[EventDate "2018.11.09"]
[EventType "tourn"]
[EventCountry "IND"]
[SourceTitle "playchess.com"]
[Source "ChessBase"]
[SourceQuality "1"]

{[%evp 13,76,16,24,-31,-34,-38,-31,-45,-35,-41,100,93,87,96,80,76,62,92,94,40,45,48,41,47,62,69,80,70,71,22,45,7,17,0,0,0,0,0,0,-43,0,0,13,6,27,0,0,0,0,0,0,0,0,4,32,34,34,-8,-8,-8,-8,-8,-8,-8,-8]} 1. d4 Nf6 2. Nf3 e6 {[%cal Be7e6,Be6e5,Be5e4][%mdl 32]} 3. g3 c5 4. Bg2 cxd4 5. O-O d5 6. Nxd4 e5 7. Nb3 Be7 {LiveBook: 38 Games. D02: 1 d4 d5 2 Nf3 sidelines, including 2...Nf6 3 g3 and 2...Nf6 3 Bf4} (7... Be6 8. Bg5 Nbd7 9. e4 dxe4 10. Bxe4 Qc7 11. Bg2 Be7 12. Nc3 O-O 13. Re1 Rad8 14. Qe2 h6 15. Bxf6 Bxf6 {½-½ (107) Caruana,F (2802)-Nakamura,H (2786) chess.com INT 2017}) 8. Qd3 $146 (8. c4 $11) ({Predecessor:} 8. Bg5 Be6 9. c4 d4 10. Bxf6 Bxf6 11. Nc5 Nc6 12. Nxe6 fxe6 13. Nd2 O-O 14. c5 Qd7 15. a3 {1-0 (28) Bu,X (2697)-Hossain,E (2452) Chengdu 2017}) 8... Nc6 9. Rd1 Be6 {Black is slightly better.} 10. Bg5 e4 11. Qb5 a6 (11... Qc7 $15 {keeps the upper hand.}) 12. Qxb7 $16 Nb4 {With the idea ...Rb8.} 13. Bxf6 gxf6 14. Bxe4 {And now Nc3 would win.} Rb8 15. Qa7 Rb6 {[#] ...Nc6 is the strong threat.} 16. c4 ({Better is} 16. Na5 $16) 16... Nc6 $14 17. Qxb6 $1 Qxb6 18. cxd5 Ne5 {Strongly threatening ...Bd7.} 19. dxe6 fxe6 20. N1d2 f5 21. Bf3 O-O 22. Rac1 Rd8 23. Kg2 Qb5 24. Nb1 Rxd1 25. Rxd1 Bb4 26. Rc1 Qb6 27. Nc3 Bxc3 28. Rxc3 a5 29. Rc5 Nxf3 30. exf3 $11 {[%mdl 4096] Endgame KQ-KRN} a4 31. Rc8+ Kf7 32. Nc5 Qb5 33. Rc7+ Ke8 34. b3 a3 35. Nxe6 {aiming for Rc4.} Qe2 {The position is equal.} 36. Nd4 Qxa2 {Hoping for ...Qb1.} 37. Nb5 $1 Qxb3 {[#]} 38. Nxa3 $1 {[%mdl 512]} Qxa3 {Precision: White = 49%, Black = 43%.} 1/2-1/2

[Event "Tata Steel India 2018-Blitz"]
[Site "Kolkata"]
[Date "2018.11.13"]
[Round "3"]
[White "So, Wesley"]
[Black "Praggnanandhaa R"]
[Result "1/2-1/2"]
[WhiteElo "2765"]
[BlackElo "2530"]
[Annotator "TA"]
[PlyCount "103"]
[EventDate "2018.11.09"]
[EventType "tourn"]
[EventCountry "IND"]
[SourceTitle "playchess.com"]
[Source "ChessBase"]
[SourceQuality "1"]

{[%evp 14,103,0,0,0,0,29,26,53,27,61,15,54,49,56,66,58,62,98,97,131,119,117,120,138,137,152,132,133,120,108,112,135,101,110,56,66,60,72,74,92,0,0,0,0,0,91,105,113,97,87,24,142,139,135,140,183,180,189,187,211,144,140,30,32,40,68,0,0,0,7,0,43,1,10,0,0,0,6,-87,-107,-97,-33,-35,0,-93,0,-41,0,-60,0,-47]} 1. c4 e5 2. Nc3 Bb4 3. Nd5 Bc5 4. Nf3 c6 5. Nc3 d6 6. g3 {A21: English Opening: 1...e5 2 Nc3} (6. e3 Bb4 7. d4 Nd7 8. Qc2 Ngf6 9. a3 Bxc3+ 10. Qxc3 O-O 11. Be2 Re8 12. b4 e4 {0-1 (47) Caruana,F (2805)-Anand,V (2786) Stavanger 2017 CBM 179 [Hillarp Persson,T]}) 6... Nf6 7. d4 exd4 8. Nxd4 {LiveBook: 5 Games} O-O 9. Bg2 h6 10. O-O Nbd7 $146 ({Predecessor:} 10... a5 11. b3 Na6 12. Bb2 Bb6 {0-1 (30) Suslova,A (2210)-Demina,J (2336) St Petersburg 2010}) 11. b3 Ne5 12. Bb2 Bb6 13. Qd2 Re8 14. Rad1 a5 15. Nc2 Bc7 16. Ba3 Re6 17. f4 Ned7 18. e4 a4 19. b4 (19. bxa4 $6 Ba5 $11) 19... Re8 20. Ne3 Nf8 21. Kh1 Ng4 22. Nc2 Be6 23. h3 Nf6 24. Ne3 ({White should play} 24. Qd3 $16) 24... Bb6 $1 $14 25. Nf5 Bxf5 26. exf5 Qc7 27. Qxd6 (27. b5 $16) 27... Qxd6 $11 28. Rxd6 {And now c5 would win.} Re3 29. Rf3 Re1+ {[#]} (29... Rae8 $1 $11 {keeps the balance.} 30. Nxa4 Re1+ 31. Bf1 (31. Rf1 Bf2 $17) 31... Ne4) 30. Bf1 $1 $16 Rae8 31. c5 Bc7 32. Rd2 (32. Rd1 $16) 32... b6 (32... h5 $11 {remains equal.}) 33. cxb6 (33. Nxa4 $6 Ne4 $11) 33... Bxb6 {[#]} 34. Kg2 $1 Be3 35. Rd1 Rxd1 36. Nxd1 Ba7 37. Bc4 N8d7 38. Rf1 (38. b5 $16) 38... Nb6 39. Bd3 Rd8 40. Nb2 (40. Rf3 $1 $14) 40... Nbd5 $36 {[%mdl 2048] ...Ne3+ is the strong threat. Black has good play.} 41. Rc1 Bd4 42. Nd1 ({But not} 42. Rxc6 Bxb2 43. Bxb2 Nxb4 $17) 42... Re8 (42... Be3 $5 43. Rc2 (43. Rxc6 Ne7 $15) 43... Nxf4+ 44. gxf4 Rxd3 45. Nxe3 Rxa3 $11) 43. Rc4 Re1 {Hoping for ...Ba7.} 44. Rxd4 {Threatens to win with Ba6.} Rxd1 45. Kf3 Rd2 46. g4 (46. b5 $11 cxb5 47. Bc5) 46... Rxa2 $17 47. Bc1 Ra1 ({Black should try} 47... a3 $17 {White must now prevent ...Ra1.} 48. g5 hxg5 49. fxg5 Ra1 50. Bxa3 Nh7) 48. Bb2 $15 Ra2 (48... Rh1 $15 49. Kg3 Rd1) 49. Bc1 $17 Ra1 ({Better is} 49... a3 $17 {Strongly threatening ...Ra1.} 50. g5 hxg5 51. fxg5 Ra1 52. Bxa3 Nh7) 50. Bb2 $15 Ra2 51. Bc1 Ra1 (51... a3 $5 {[%cal Ra2a1]} 52. g5 hxg5 53. fxg5 Ra1 54. Bxa3 Nh7 $17) 52. Bb2 {Precision: White = 52%, Black = 35%.} 1/2-1/2

[Event "Tata Steel India 2018-Blitz"]
[Site "Kolkata"]
[Date "2018.11.13"]
[Round "3"]
[White "Karjakin, Sergey"]
[Black "Anand, Viswanathan"]
[Result "1-0"]
[WhiteElo "2753"]
[BlackElo "2773"]
[Annotator "TA"]
[PlyCount "85"]
[EventDate "2018.11.09"]
[EventType "tourn"]
[EventCountry "IND"]
[SourceTitle "playchess.com"]
[Source "ChessBase"]
[SourceQuality "1"]

{[%evp 16,85,23,8,29,22,24,0,0,0,0,2,26,16,25,28,48,48,55,47,58,57,70,40,54,44,52,19,89,70,93,82,137,83,277,192,206,200,264,256,247,184,181,56,59,67,114,122,218,216,208,139,187,172,178,185,177,170,176,160,408,310,392,146,116,111,254,0,0,0,0,0]} 1. e4 e5 2. Nf3 Nc6 3. Bb5 Nf6 4. d3 Bc5 5. O-O Nd4 6. Nxd4 Bxd4 7. c3 {C65: Ruy Lopez: Berlin Defence (3...Nf6), unusual lines and 4 0-0 Bc5} Bb6 8. Ba4 (8. Na3 c6 9. Ba4 d6 10. Nc4 Bc7 11. Bb3 h6 12. Ne3 d5 13. exd5 cxd5 14. d4 e4 {1-0 (35) Anand,V (2768)-Nakamura,H (2777) Saint Louis 2018}) 8... O-O 9. Bg5 {LiveBook: 7 Games. White has an edge.} c6 10. Nd2 d6 $146 ({Predecessor:} 10... h6 11. Bh4 {1-0 (11) Conterno,D (2288)-Kadaoui Hachi,A (2137) ICCF email 2013}) 11. Kh1 h6 12. Bh4 g5 13. Bg3 Be6 14. Bb3 Qe7 15. a4 {[%cal Ba2a4,Ba4a5][%mdl 32]} Nd7 16. a5 Bc7 17. d4 Nf6 18. Re1 Rad8 19. f3 Nh5 20. Bf2 Nf4 21. Bg1 d5 (21... exd4 $11 {remains equal.} 22. cxd4 d5) 22. exd5 $16 Bxd5 23. Qc2 Qe6 (23... Rfe8 $142) 24. c4 (24. dxe5 $142 {Threatens to win with c4.} Rfe8 25. Bxa7 Bxe5 26. Bb6 (26. c4 Nxg2 27. Re2 Nf4 $16) 26... Bxb3 27. Nxb3) 24... Nxg2 $2 (24... Qg4 $16 {is a better defense.} 25. Ne4 Bxe4 26. Rxe4 (26. fxg4 Bxc2 27. Bxc2 exd4 $15) 26... Qf5) 25. cxd5 Nxe1 26. Rxe1 ({Weaker is} 26. dxe6 Nxc2 27. exf7+ Rxf7 $11) 26... Qf6 {[#]} 27. a6 $1 {[%mdl 512]} bxa6 28. dxc6 exd4 29. Kg2 (29. Qd3 $1 $18) 29... d3 $14 30. Qc3 Qxc3 31. bxc3 Bf4 (31... Rfe8 $16 32. Ne4 Kg7) 32. Ne4 $18 {[%mdl 1024] White has strong compensation.} Rb8 33. Nc5 Rfc8 34. Bd5 $1 Rb2+ 35. Kf1 d2 36. Rd1 $1 Rc2 37. Ne4 $1 Rb8 $2 (37... Rc1 $16 38. Ke2 Re8) 38. Ke2 Rc1 {[#] aiming for ...Rxd1.} 39. Nxd2 $2 (39. Nf6+ $1 $18 {and the rest is easy.} Kh8 40. Be4) 39... Rb2 $16 {[#] ...Rxd1 is the strong threat.} 40. Be3 $1 {[%cal Re3f4]} Rxc3 (40... Bxe3 $16 {was necessary.} 41. Rxc1 Rxd2+ 42. Kxe3 Rxd5) 41. Bxf4 $2 ({Don't play} 41. Bxa7 $6 Be5 $16) (41. Bd4 $18 Rcc2 42. Bxb2 Rxb2 43. Kd3) 41... gxf4 $11 42. Ke1 {Black must now prevent Nc4.} Re3+ 43. Kf1 $1 {[%mdl 32768] Precision: White = 55%, Black = 44%. . Sensor Board Error (Ke4/e5)?} 1-0

[Event "Tata Steel India 2018-Blitz"]
[Site "Kolkata"]
[Date "2018.11.13"]
[Round "3"]
[White "Harikrishna, Pentala"]
[Black "Ganguly, Surya Shekhar"]
[Result "1-0"]
[WhiteElo "2729"]
[BlackElo "2615"]
[Annotator "TA"]
[PlyCount "45"]
[EventDate "2018.11.09"]
[EventType "tourn"]
[EventCountry "IND"]
[SourceTitle "playchess.com"]
[Source "ChessBase"]
[SourceQuality "1"]

{[%evp 9,45,27,35,6,29,33,45,41,56,48,72,53,80,54,80,68,87,48,70,94,83,86,36,54,139,143,249,238,314,266,401,397,444,246,658,658,608,512]} 1. e4 c6 2. d4 d5 3. exd5 cxd5 4. Bd3 Nc6 5. c3 e6 {LiveBook: 6 Partien} 6. Ne2 {B13: Caro-Kann (Abtausch-Variante 4.c4)} g6 $146 ({Vorgänger:} 6... Bd6 7. Nd2 Nge7 8. f4 O-O 9. Nf3 f6 10. O-O Bd7 11. Qc2 h6 12. Bd2 Rc8 13. a3 Na5 {0-1 (27) Kovalev,V (2636)-Riazantsev,A (2666) Sochi 2017}) 7. Nd2 Bg7 8. Nf3 {Weiß steht etwas besser.} Nge7 9. h4 {[%cal Bh2h4,Bh4h5,Bh5h6][%mdl 32]} f6 10. h5 e5 {[#] ...e4 ist eine echte Drohung.} 11. h6 $1 {[%cal Rh6g7]} Bf8 {Weiss muss nun ...e4 beachten.} 12. dxe5 fxe5 {Und ...e4 würde nun gewinnen.} 13. Bc2 Bf5 14. Bg5 $36 {[%mdl 2048] Weiss bestimmt, wo es lang geht.} Qd6 15. Ng3 (15. Ba4 {feels hotter.} O-O-O 16. Ng3 Rd7 17. Qe2 Bg4 18. O-O-O) 15... Bxc2 16. Qxc2 O-O-O {[#]} (16... e4 $14 17. Nd2 Nf5) 17. O-O-O $1 $16 Qc7 (17... Qe6 $16) 18. Bf6 $18 Rg8 {Schwarz will ...e4 spielen.} 19. Ng5 Qd6 {[#]} (19... Rd6 $142) 20. N3e4 $1 {[%mdl 512]} Qb8 (20... dxe4 21. Rxd6) 21. Nxh7 (21. Qe2 $142) 21... dxe4 $2 (21... Bxh6+ 22. Rxh6 dxe4 23. Bxe7 Nxe7) 22. Rxd8+ Kxd8 23. Nxf8 {Precision: Weiß = 68%, Schwarz = 20%.} 1-0

[Event "Tata Steel India 2018-Blitz"]
[Site "Kolkata"]
[Date "2018.11.13"]
[Round "4"]
[White "Nakamura, Hikaru"]
[Black "So, Wesley"]
[Result "1-0"]
[WhiteElo "2746"]
[BlackElo "2765"]
[Annotator "TA"]
[PlyCount "114"]
[EventDate "2018.11.09"]
[EventType "tourn"]
[EventCountry "IND"]
[SourceTitle "playchess.com"]
[Source "ChessBase"]
[SourceQuality "1"]

{[%evp 17,114,0,12,-4,15,8,15,-2,0,-1,0,0,0,0,0,-2,0,-12,-14,-10,0,0,0,0,0,0,0,0,0,0,0,0,0,0,0,0,52,0,0,0,22,0,0,0,25,19,18,0,0,0,25,0,17,0,0,0,11,0,0,0,0,0,0,0,0,0,0,0,202,187,182,143,133,118,123,127,150,145,123,125,186,144,144,151,403,345,1155,1114,995,981,5673,2275,11855,6598,12829,5593,5593,12730,2624]} 1. Nf3 c5 2. b3 Nf6 3. e3 g6 4. Bb2 Bg7 5. c4 O-O 6. Be2 b6 7. O-O Bb7 8. d4 cxd4 9. Nxd4 d5 {LiveBook: 23 Games} 10. Na3 {A30: Symmetrical English: Double Fianchetto and Hedgehog} (10. Nc3 dxc4 11. Bxc4 a6 12. Be2 e5 13. Nc2 Nbd7 14. Rc1 Re8 15. Qd2 Nc5 16. Qxd8 Raxd8 17. Rfd1 Nfe4 18. Nxe4 Bxe4 {½-½ (18) Burmakin,V (2526)-Bauer,C (2647) Zuerich 2017}) 10... Nc6 $146 ({Predecessor:} 10... Nbd7 11. Rc1 Rc8 12. Nab5 Ra8 13. cxd5 Nxd5 14. Nc6 Bxc6 15. Bxg7 Bxb5 16. Bxb5 Kxg7 17. Qxd5 Nf6 {½-½ (78) Sindarov,J (2500)-Shahaliyev,I (2376) Budapest 2018}) 11. Nxc6 Bxc6 12. Bf3 {The position is equal.} Rc8 13. cxd5 Nxd5 14. Bxg7 Kxg7 15. Rc1 {Black must now prevent Rxc6!} Nb4 16. Bxc6 Nxc6 17. Qe2 Qd6 18. Nb5 Qf6 19. h3 Rfd8 20. Rfd1 Rxd1+ 21. Qxd1 Rd8 22. Qf3 Qxf3 23. gxf3 $11 {[%mdl 4096] Endgame KRN-KRN} Ne5 24. f4 Nf3+ 25. Kg2 Nh4+ 26. Kf1 Rd7 (26... Rd2 $11) 27. Rc7 (27. Ke2 $14) 27... Rxc7 28. Nxc7 {KN-KN} Nf3 29. Ke2 Ng1+ 30. Kf1 Nf3 31. Nb5 a5 $1 32. Ke2 Ng1+ 33. Kf1 Nf3 34. Nc7 e6 35. Ke2 Ng1+ 36. Kf1 Nf3 37. Na8 b5 38. Ke2 Ng1+ 39. Kf1 Nf3 40. Nc7 b4 41. Ne8+ Kf8 42. Nd6 Nd2+ $2 (42... e5 $11 {and Black has nothing to worry.}) 43. Ke2 $18 Nb1 44. Nc4 Nc3+ 45. Kd3 Nxa2 46. Nxa5 Ke7 {[#]} 47. Kc4 $1 Kd7 {[#]} 48. Nb7 $1 Nc3 (48... f6 $16 {is a better defense.} 49. Nc5+ Kd6) 49. Nc5+ Kc6 50. Nd3 Nd1 $2 (50... Ne4 $16 51. Ne5+ (51. Nxb4+ Kd6 $16) (51. Kxb4 f6 $16) 51... Kb6) 51. Nxb4+ Kd6 $2 (51... Kb6 52. Nd3 f6) 52. Nd3 {White is clearly winning.} f6 53. b4 g5 54. fxg5 fxg5 55. Kb3 h5 56. Kc2 g4 57. Kxd1 gxh3 {Precision: White = 70%, Black = 42%.} 1-0

[Event "Tata Steel India 2018-Blitz"]
[Site "Kolkata"]
[Date "2018.11.13"]
[Round "4"]
[White "Harikrishna, Pentala"]
[Black "Aronian, Levon"]
[Result "1-0"]
[WhiteElo "2729"]
[BlackElo "2765"]
[Annotator "TA"]
[PlyCount "81"]
[EventDate "2018.11.09"]
[EventType "tourn"]
[EventCountry "IND"]
[SourceTitle "playchess.com"]
[Source "ChessBase"]
[SourceQuality "1"]

{[%evp 24,81,25,-10,0,-23,29,31,43,40,85,104,101,90,91,43,62,64,54,62,81,77,78,55,89,83,85,84,75,81,91,79,105,105,105,107,119,121,212,209,225,187,308,264,255,247,679,651,709,708,685,665,635,608,29982,29983,29980,29981,29979,29975]} 1. e4 e5 2. Nf3 Nc6 3. Bb5 a6 4. Ba4 Nf6 5. O-O Be7 6. Re1 b5 7. Bb3 O-O 8. d4 Nxd4 9. Nxd4 exd4 10. e5 Ne8 11. c3 dxc3 12. Nxc3 {C88: Spanische Partie (Geschlossenes System)} Bb7 13. Bf4 {LiveBook: 3 Partien} (13. Nd5 Bxd5 14. Qxd5 c6 15. Qe4 g6 16. Bh6 Ng7 17. Rad1 Qc7 18. g4 Rad8 19. f4 Rfe8 {½-½ (36) Lu,S (2614)-Dubov,D (2666) Moscow 2016}) 13... c5 14. Qg4 {Die Stellung ist ausgeglichen.} d5 $146 {[#]} (14... c4 $142 15. Bc2 g6) ({Vorgänger:} 14... c4 15. Bc2 d5 16. exd6 Bxd6 17. Qh3 g6 18. Bh6 Ng7 19. Be4 Bxe4 20. Nxe4 {1-0 (40) Morozov,N (2449)-Mikaelyan,A (2495) Yerevan 2018}) 15. Bxd5 $1 $11 {[%mdl 512]} Bxd5 16. Rad1 Qc8 17. Qxc8 Rxc8 18. Nxd5 Bd8 19. h3 Rc6 20. Nb4 cxb4 21. Rxd8 Nc7 22. Rd6 Rc4 23. Be3 $36 {[%mdl 2048] Weiss hat Initiative.} h5 24. b3 Rc2 25. Rc1 Rxc1+ 26. Bxc1 $16 {[%mdl 4096] Endspiel KTL-KTS} a5 27. Be3 Ra8 28. g4 hxg4 29. hxg4 a4 30. f4 axb3 (30... g6 $16 {kämpft weiter.}) 31. axb3 $18 Ra3 32. Rd3 g6 (32... Ra8 $142 33. Kf2 f6 34. exf6 gxf6) 33. f5 gxf5 34. gxf5 Kg7 $2 (34... Ra8 35. Bc5 Ne8 36. Bxb4 Ng7) 35. Kf2 Ra2+ 36. Kf3 Rc2 37. Rd7 Kg8 38. Bg5 {[#] jetzt Td8+ und aus.} Rc6 39. Rd8+ {Weiß setzt Matt.} Kg7 40. Ke4 Ra6 41. Rc8 {Precision: Weiß = 76%, Schwarz = 31%.} 1-0

[Event "Tata Steel India 2018-Blitz"]
[Site "Kolkata"]
[Date "2018.11.13"]
[Round "4"]
[White "Vidit, Santosh Gujrathi"]
[Black "Karjakin, Sergey"]
[Result "1/2-1/2"]
[WhiteElo "2702"]
[BlackElo "2753"]
[Annotator "TA"]
[PlyCount "47"]
[EventDate "2018.11.09"]
[EventType "tourn"]
[EventCountry "IND"]
[SourceTitle "playchess.com"]
[Source "ChessBase"]
[SourceQuality "1"]

{[%evp 28,47,28,31,19,27,25,17,14,14,0,0,0,0,3,0,0,0,0,0,0,0]} 1. d4 Nf6 2. Nf3 d5 3. c4 e6 4. g3 Bb4+ 5. Bd2 Be7 6. Bg2 O-O 7. O-O Nbd7 8. Qc2 c6 9. Rd1 b6 10. Bf4 Ba6 {E08: Closed Catalan: Main Line: 7 Qc2} 11. cxd5 cxd5 12. Ne5 Nxe5 13. dxe5 Rc8 14. Nc3 Ng4 15. h3 {LiveBook: 4 Games} Nxf2 16. Kxf2 {And now Bf3 would win.} Bc5+ 17. Be3 $1 {[%cal Re3c5]} Bxe3+ {The position is equal.} 18. Kxe3 {[#]} b5 $146 19. Qd3 Qb6+ 20. Qd4 Qb8 $1 $132 {[%mdl 2048] Black is not keeping still} 21. Qb4 Qb6+ $1 ({Reject} 21... Qxe5+ $6 22. Kf2 $16) 22. Qd4 {[#] Qxb6 is the strong threat.} Qb8 $1 23. Qb4 {Threatens to win with Qd6.} Qb6+ $1 ({Much weaker is} 23... Qxe5+ $6 24. Kf2 $16) 24. Qd4 1/2-1/2

[Event "Tata Steel India 2018-Blitz"]
[Site "Kolkata"]
[Date "2018.11.13"]
[Round "4"]
[White "Ganguly, Surya Shekhar"]
[Black "Anand, Viswanathan"]
[Result "0-1"]
[WhiteElo "2615"]
[BlackElo "2773"]
[Annotator "TA"]
[PlyCount "72"]
[EventDate "2018.11.09"]
[EventType "tourn"]
[EventCountry "IND"]
[SourceTitle "playchess.com"]
[Source "ChessBase"]
[SourceQuality "1"]

{[%evp 20,72,16,18,1,0,19,16,51,10,57,53,50,43,45,53,99,99,99,100,104,50,49,0,19,23,18,26,23,16,17,17,18,0,0,-13,-4,-19,0,0,67,54,49,-187,-195,-414,-418,-397,-418,-410,-405,-421,-414,-531,-531]} 1. e4 e5 2. Nf3 Nc6 3. Bb5 a6 4. Ba4 Nf6 5. O-O Be7 6. d3 b5 7. Bb3 d6 8. Bd2 {C84: Closed Ruy Lopez: Unusual White 6th moves} (8. a3 O-O 9. Nc3 Na5 10. Ba2 Be6 11. b4 Bxa2 12. Nxa2 Nc6 13. c4 Nd4 14. Nc3 Nxf3+ 15. Qxf3 c6 16. Bd2 Qc8 17. Rfb1 {1-0 (41) Nepomniachtchi,I (2768)-Wojtaszek,R (2727) Batumi 2018}) 8... O-O 9. Re1 Bg4 10. c3 Na5 11. Bc2 {LiveBook: 3 Games} c5 12. h3 Be6 13. d4 $146 ({Predecessor:} 13. Bg5 h6 14. Bh4 Nc6 15. Nbd2 g5 16. Bg3 g4 17. hxg4 Bxg4 {1-0 (62) Braeuer,F (2426)-Rakshitta,R (2026) Pardubice 2018}) 13... Qc7 14. b3 {[%cal Bb2b3,Bb3b4][%mdl 32]} Rac8 15. d5 Bd7 16. Bg5 h6 17. Be3 c4 18. b4 Nb7 19. a4 Ra8 20. axb5 (20. Qe2 $16) 20... axb5 $14 21. Ba7 Rfc8 (21... Na5 $5 {[%cal Ra5b3]} 22. Be3 Nb3 23. Rxa8 Rxa8 $11) 22. Nbd2 Nd8 23. Be3 Rxa1 24. Qxa1 Qb7 25. Qb2 Ra8 26. Ra1 Ne8 27. Ra5 Rxa5 28. bxa5 Qa6 29. Qb4 $1 {Hoping for Nxe5!} f6 ({Black should try} 29... Kf8 $11) 30. Nxc4 $1 bxc4 31. Qb6 $2 {[#]} (31. Ba4 $14 {was forced to keep a grip.} Bxa4 32. Qxa4) 31... Bb5 $1 $19 32. Ba4 $2 (32. Nh4) 32... Qxb6 33. Bxb6 Bxa4 34. a6 {[#] Strongly threatening a7.} Nc6 $1 35. Nd2 {[#]} (35. dxc6 Bxc6) 35... Na7 $1 36. Nxc4 (36. Bxa7 Bb5) 36... Bb5 {Precision: White = 43%, Black = 57%.} 0-1